000 01130nam a2200325 i 4500
001 000021948
003 DO-SdBNP
005 20251030144943.0
007 ta
008 100915s2002 dr 000 f spa d
020 _z9993483702
040 _aDO-SdBNP
_bspa
_cBNPHU
_erda
041 _aspa
082 4 _aRD863.44
_bA282o, 2002
_222
100 1 _aAguasvivas, Freddy,
_d1956-
_eautor
_912355
_4aut.
245 1 3 _aEl olor del olvido /
_cFreddy Aguasvivas ; prólogo, Gabriel García Márquez.
250 _aQuinta edición
264 1 _aSanto Domingo, República Dominicana :
_bEditora Manatí,
_c2002.
300 _a336 páginas ;
_c24 cm.
336 _ardacontent
_btexto
_2txt
337 _ardamedia
_bsin mediación
_2n
338 _ardacarrier
_bvolumen
_2nc
500 _aIncluye datos biográficos del autor en la solapa de la cubierta.
590 _aInventariado, 2019 / DG
650 4 _aNovela histórica dominicana.
_9860
650 4 _aLiteratura dominicana.
_967
700 1 _aGarcía Márquez, Gabriel,
_b1928-2014
_eprologuista
_91804
_4pr.
910 _aValidado. Control de calidad BNPHU
942 _2ddc
_cLBS1
999 _c21446
_d21446